000 02153cad a22002895a 4500
001 E160069
008 110620s2018 xxk 000 0 eng u
020 _a9781783212886
035 _a(Sirsi) u160069
041 0 _aeng
050 0 4 _a347.4107 $2 18
110 2 _aRoyal Institution of Chartered Surveyors
_94900
245 0 0 _aSurveyors acting as adjudicators in the construction industry when Scots Law applies
_h[electronic resource]
250 _a4th ed.
260 _aLondon
_bRICS
_c2018
490 0 _aRICS Guidance Note
520 _aThe aim of this guidance note, is to provide adjudicators with a clear understanding of their role and duties, and a strong foundation on which to build, ensuring enforceable decisions are produced. While this guidance note does not set out to provide a complete and comprehensive guide to all aspects of adjudication, it should be considered an essential basis for practice as an adjudicator, where Scots law applies. It is also of note that this guidance is reflective of current practice and law at the time of drafting. Adjudicators should remain aware of this, and ensure any advice taken from this guidance note is supplemented with up-to-date knowledge of adjudication and its principles. It also provides useful insight into the process for parties to disputes, and those representing them, to ensure they are aware of key matters and procedural considerations.
520 _aSupersedes 3rd edition (ISBN 9781783210077).
520 _aThis document was originally published in April 2018 as an RICS guidance note and reissued in June 2024 as an RICS professional standard.
520 _aEffective 25/04/2018.
590 _aKA NTK
650 2 4 _aALTERNATIVE DISPUTE RESOLUTION
651 4 _aScotland
_y1999-
690 _aMANAGEMENT-DISPUTE AVOIDANCE, MANAGEMENT AND RESOLUTION-DISPUTE MANAGEMENT AND RESOLUTION-ALTERNATIVE DISPUTE RESOLUTION-ADJUDICATION
856 4 1 _uhttps://www.rics.org/content/dam/ricsglobal/documents/standards/April_2018_Surveyors_Acting_As_Adjudicators_In_The_Construction_Industry_When_Scots_Law_Applies_4th_Edition.pdf
_zAvailable on RICS.org
942 _n0
_2ddc
999 _c116187
_d116187